Sports Quiz

Random Sports or WWE Quiz
Score 0/198 Timer 15:00
1 Play Today
PPV Opponent % Correct
No Way Out 2006Randy Orton
94.1%
WrestleMania 22Randy Orton
94.1%
Survivor Series 2005Kane
93.7%
Armageddon 2005Kane
93.7%
Unforgiven 2008Kane
93.7%
No Mercy 2008Kane
93.7%
Cyber Sunday 2008Kane
93.7%
Survivor Series 2008Kane
93.7%
No Way Out 2009Kane
93.7%
Money in the Bank 2010Kane
93.7%
SummerSlam 2010Kane
93.7%
TLC 2010Kane
93.7%
Elimination Chamber 2011Kane
93.7%
Backlash 2003Big Show
92.8%
Survivor Series 2005Big Show
92.8%
Armageddon 2005Big Show
92.8%
Hell in a Cell 2009Big Show
92.8%
Fatal 4 Way 2010Big Show
92.8%
Survivor Series 2002Eddie Guerrero
92.5%
WrestleMania 21Eddie Guerrero
92.5%
Judgment Day 2005Eddie Guerrero
92.5%
The Great American Bash 2005Eddie Guerrero
92.5%
SummerSlam 2005Eddie Guerrero
92.5%
Survivor Series 2002Chavo Guerrero
91.7%
No Way Out 2004Chavo Guerrero
91.7%
WrestleMania XXChavo Guerrero
91.7%
The Great American Bash 2004Chavo Guerrero
91.7%
Survivor Series 2004Chavo Guerrero
91.7%
SummerSlam 2006Chavo Guerrero
91.7%
No Mercy 2006Chavo Guerrero
91.7%
SummerSlam 2007Chavo Guerrero
91.7%
Crown Jewel 2018Randy Orton
90.9%
TLC 2018Randy Orton
90.9%
Royal Rumble 2008Edge
90.6%
No Way Out 2008Edge
90.6%
No Way Out 2009Edge
90.6%
TLC 2010Edge
90.6%
Elimination Chamber 2011Edge
90.6%
SummerSlam 2002Kurt Angle
90.3%
No Mercy 2002Kurt Angle
90.3%
Survivor Series 2002Kurt Angle
90.3%
WrestleMania 22Kurt Angle
90.3%
Bragging Rights 2009Undertaker
90.3%
Royal Rumble 2010Undertaker
90.3%
Elimination Chamber 2010Undertaker
90.3%
Survivor Series 2019Brock Lesnar
89.8%
Unforgiven 2008Chris Jericho
89.3%
No Way Out 2009Chris Jericho
89.3%
Judgment Day 2009Chris Jericho
89.3%
Extreme Rules 2009Chris Jericho
89.3%
The Bash 2009Chris Jericho
89.3%
Hell in a Cell 2009Chris Jericho
89.3%
Elimination Chamber 2010Chris Jericho
89.3%
Unforgiven 2007Batista
89.2%
Unforgiven 2008Batista
89.2%
Bragging Rights 2009Batista
89.2%
Survivor Series 2009Batista
89.2%
Elimination Chamber 2011Big Show
88.7%
No Way Out 2009John Cena
88.6%
SummerSlam 2012The Miz
87.6%
Armageddon 2008CM Punk
87.5%
Bragging Rights 2009CM Punk
87.5%
Elimination Chamber 2010CM Punk
87.5%
WrestleMania XXVICM Punk
87.5%
Extreme Rules 2010CM Punk
87.5%
Over the Limit 2010CM Punk
87.5%
PPV Opponent % Correct
Fatal 4 Way 2010CM Punk
87.5%
Bragging Rights 2010CM Punk
87.5%
Night of Champions 2012The Miz
87.4%
Capitol Punishment 2011CM Punk
87.2%
Money in the Bank 2011The Miz
86.8%
SummerSlam 2011The Miz
86.8%
WrestleMania XIXMatt Hardy
86.7%
Money in the Bank 2020Daniel Bryan
84.8%
No Mercy 2002Chris Benoit
83.6%
Survivor Series 2002Chris Benoit
83.6%
Fastlane 2019Samoa Joe
83.2%
WrestleMania 35Samoa Joe
83.2%
Survivor Series 2008The Miz
83.1%
Bragging Rights 2010The Miz
83.1%
Crown Jewel 2018The Miz
82.3%
Starrcade 2018The Miz
82.3%
Survivor Series 2005Shawn Michaels
82.2%
No Mercy 2005John 'Bradshaw' Layfield
82.1%
Judgment Day 2006John 'Bradshaw' Layfield
82.1%
Unforgiven 2008John 'Bradshaw' Layfield
82.1%
Survivor Series 2008John 'Bradshaw' Layfield
82.1%
WrestleMania XXVJohn 'Bradshaw' Layfield
82.1%
Money in the Bank 2019Samoa Joe
82%
Money in the Bank 2020Otis
81.8%
Night of Champions 2012Cody Rhodes
81.4%
WrestleMania XXVIICody Rhodes
81.2%
Extreme Rules 2011Cody Rhodes
81.2%
TLC 2012Cody Rhodes
81%
Survivor Series 2018Dolph Ziggler
80.3%
Money in the Bank 2020King Corbin
78.8%
Money in the Bank 2011Jack Swagger
78.5%
TLC 2013Cody Rhodes
78.4%
Survivor Series 2013Jack Swagger
78.1%
TLC 2013Jack Swagger
78.1%
Survivor Series 2008John Morrison
77.8%
Elimination Chamber 2010John Morrison
77.8%
Bragging Rights 2010John Morrison
77.8%
Night of Champions 2009 Dolph Ziggler
77.2%
SummerSlam 2009Dolph Ziggler
77.2%
Over the Limit 2011R-Truth
76.9%
Money in the Bank 2011R-Truth
76.9%
SummerSlam 2011R-Truth
76.9%
Fatal 4 Way 2010Jack Swagger
76.3%
Money in the Bank 2010Jack Swagger
76.3%
Survivor Series 2010Jack Swagger
76.3%
Survivor Series 2013Dean Ambrose
76%
Money in the Bank 2011Alberto Del Rio
75.9%
SummerSlam 2011Alberto Del Rio
75.9%
Survivor Series 2013Seth Rollins
75.8%
Money in the Bank 2020AJ Styles
75.8%
Survivor Series 2010Cody Rhodes
75.6%
Survivor Series 2013Roman Reigns
75.5%
The Great American Bash 2006King Booker
74.1%
Survivor Series 2010Alberto Del Rio
73.1%
TLC 2010Alberto Del Rio
73.1%
Money in the Bank 2011Kofi Kingston
72.7%
Money in the Bank 2020Aleister Black
72.7%
Elimination Chamber 2010R-Truth
72.2%
Bragging Rights 2010R-Truth
72.2%
Survivor Series 2013Antonio Cesaro
72%
TLC 2013Antonio Cesaro
72%
Unforgiven 2007The Great Khali
71.4%
Survivor Series 2018Drew McIntyre
71.2%
Survivor Series 2007Montel Vontavious Porter
70.4%
Armageddon 2007Montel Vontavious Porter
70.4%
Survivor Series 2008Montel Vontavious Porter
70.4%
PPV Opponent % Correct
Night of Champions 2012Sin Cara
68.9%
No Mercy 2007Finlay
68.8%
Cyber Sunday 2007Finlay
68.8%
Survivor Series 2007Finlay
68.8%
Fastlane 2019Andrade
68.1%
ECW One Night Stand 2006Sabu
68%
TLC 2012Damien Sandow
66.3%
Survivor Series 2005Carlito
66.2%
Survivor Series 2018Bobby Lashley
65.2%
Vengeance 2003Shelton Benjamin
65%
Elimination Chamber 2011Wade Barrett
64.7%
Survivor Series 2018Braun Strowman
64.6%
Survivor Series 2018Finn Balor
64.1%
Bragging Rights 2010Sheamus
63.4%
Rebellion 2002Jamie Noble
63.3%
Royal Rumble 2004Jamie Noble
63.3%
WrestleMania XXJamie Noble
63.3%
Survivor Series 2010Drew McIntyre
63.3%
Elimination Chamber 2011Drew McIntyre
63.3%
Judgment Day 2004D-Von Dudley
62.6%
Judgment Day 2004Bubba Ray Dudley
62.6%
SummerSlam 2004D-Von Dudley
62.6%
SummerSlam 2004Bubba Ray Dudley
62.6%
SummerSlam 2004Spike Dudley
62.6%
Survivor Series 2004Spike Dudley
62.6%
Survivor Series 2005Chris Masters
62.3%
WrestleMania XXBilly Kidman
62.1%
Survivor Series 2004Billy Kidman
62.1%
Rebellion 2002Tajiri
61.1%
No Mercy 2003Tajiri
61.1%
WrestleMania XXTajiri
61.1%
TLC 2013Goldust
61%
Survivor Series 2007Mr. Kennedy
59.7%
TLC 2013Ryback
58.7%
Survivor Series 2007Umaga
58.5%
Vengeance 2003Charlie Haas
57%
WrestleMania XXUltimo Dragon
55.9%
Hell in a Cell 2012Darren Young
54.1%
Survivor Series 2012Darren Young
54.1%
No Way Out 2009Mike Knox
54%
Hell in a Cell 2012Titus O'Neil
53.9%
Survivor Series 2012Titus O'Neil
53.9%
Money in the Bank 2011Evan Bourne
52.6%
Starrcade 2018Shinsuke Nakamura
49.5%
Starrcade 2018Shinsuke Nakamura
49.5%
Survivor Series 2012Primo
49.3%
TLC 2013Curtis Axel
48.9%
Survivor Series 2012Epico
48.3%
WrestleMania XXShannon Moore
46.5%
Survivor Series 2007Big Daddy V
45.8%
No Way Out 2005Danny Basham
45.2%
Bragging Rights 2010Santino Marella
45.2%
Money in the Bank 2011Alex Riley
45.1%
No Way Out 2005Doug Basham
45%
Survivor Series 2012Tensai
44.5%
No Mercy 2004Rene Dupree
41.7%
Armageddon 2004Rene Dupree
41.7%
WrestleMania XXAkio
41.6%
WrestleMania XXFunaki
41.3%
WrestleMania XXNunzio
40.5%
Bragging Rights 2010Ezekiel Jackson
39.8%
Survivor Series 2010Tyler Reks
39.6%
No Mercy 2004Kenzo Suzuki
38.1%
Armageddon 2004Kenzo Suzuki
38.1%
ECW One Night Stand 2005Psychosis
31.6%
Fastlane 2019R-Truth
25.4%
Come Together.
Have Fun.
All Virtual.
We all need to come together. Play Sporcle's virtual live trivia to have fun, connect with people, and get your trivia on. Join a live hosted trivia game for your favorite pub trivia experience done virtually. If a virtual private party is more your thing, go here for details.

You're not logged in!

Compare scores with friends on all Sporcle quizzes.
OR
Log In

Sporcle TV

Today on Sporcle TV


Watch our educational content, quiz creation guides, and fun videos on Sporcle TV.

Show Comments

Extras

Top Quizzes Today


Score Distribution

Paid Content

Your Account Isn't Verified!

In order to create a playlist on Sporcle, you need to verify the email address you used during registration. Go to your Sporcle Settings to finish the process.

Report this User

Report this user for behavior that violates our Community Guidelines.

Details: